<?xml version="1.0" encoding="UTF-8"?>
<record
    xmlns:xsi="http://www.w3.org/2001/XMLSchema-instance"
    xsi:schemaLocation="http://www.loc.gov/MARC21/slim http://www.loc.gov/standards/marcxml/schema/MARC21slim.xsd"
    xmlns="http://www.loc.gov/MARC21/slim">

  <leader>00751cam a22001938i 4500</leader>
  <datafield tag="020" ind1=" " ind2=" ">
    <subfield code="a">9781603587259</subfield>
  </datafield>
  <datafield tag="020" ind1=" " ind2=" ">
    <subfield code="a">160358725X</subfield>
  </datafield>
  <datafield tag="040" ind1=" " ind2=" ">
    <subfield code="c">AGL</subfield>
  </datafield>
  <datafield tag="082" ind1="0" ind2="0">
    <subfield code="a">338 CAR 2005 A069 Or.</subfield>
  </datafield>
  <datafield tag="100" ind1="1" ind2=" ">
    <subfield code="a">Logsdon, Gene</subfield>
  </datafield>
  <datafield tag="245" ind1="1" ind2="0">
    <subfield code="a">Letter to a young farmer :</subfield>
    <subfield code="b">how to live richly without wealth on the new garden farm /</subfield>
  </datafield>
  <datafield tag="246" ind1="3" ind2="0">
    <subfield code="a">How to live richly without wealth on the new garden farm</subfield>
  </datafield>
  <datafield tag="300" ind1=" " ind2=" ">
    <subfield code="a">xiv, 210 pages ;</subfield>
    <subfield code="c">23 cm</subfield>
  </datafield>
  <datafield tag="520" ind1=" " ind2=" ">
    <subfield code="a">In his final book of essays - completed just weeks before he died - self-described "contrary farmer" Gene Logsdon addresses the next generation of small-scale "garden farmers" seeking a better way of life.--COVER.</subfield>
  </datafield>
  <datafield tag="650" ind1=" " ind2="0">
    <subfield code="a">Agriculture</subfield>
  </datafield>
  <datafield tag="650" ind1=" " ind2="0">
    <subfield code="a">Farm life</subfield>
  </datafield>
  <datafield tag="700" ind1="1" ind2=" ">
    <subfield code="a">Berry, Wendell,</subfield>
  </datafield>
  <datafield tag="942" ind1=" " ind2=" ">
    <subfield code="c">EK</subfield>
  </datafield>
  <datafield tag="999" ind1=" " ind2=" ">
    <subfield code="c">14637</subfield>
    <subfield code="d">14637</subfield>
  </datafield>
  <datafield tag="952" ind1=" " ind2=" ">
    <subfield code="0">0</subfield>
    <subfield code="1">0</subfield>
    <subfield code="4">0</subfield>
    <subfield code="6">338_000000000000000_CAR_2005_A069_OR</subfield>
    <subfield code="7">0</subfield>
    <subfield code="9">66991</subfield>
    <subfield code="a">LBA</subfield>
    <subfield code="b">LBA</subfield>
    <subfield code="c">A069</subfield>
    <subfield code="d">2017-10-20</subfield>
    <subfield code="l">1</subfield>
    <subfield code="o">338 CAR 2005 A069 Or.</subfield>
    <subfield code="p">A09198</subfield>
    <subfield code="r">2023-02-01</subfield>
    <subfield code="s">2023-01-10</subfield>
    <subfield code="w">2017-10-20</subfield>
    <subfield code="y">EK</subfield>
  </datafield>
</record>
